Estadísticas para Orígenes de apellidos (parte 1)

Haz click aquí para intentar la prueba.

Estadísticas generales

  • Esta prueba ha sido intentada 114 veces
    (58 desde el último reinicio)
  • La puntuación promedio es 10 de 15

Estadísticas de respuestas

HintRespuesta% Correcto
SchneiderAlemán
92%
NakamuraJaponés
92%
OliveiraPortugués
90%
TorrensCatalán
79%
KardashianArmenio
77%
PapadimitriouGriego
77%
GuerricabeitiaVasco
74%
ŠtrancarEsloveno
72%
CohenHebreo
72%
van den LaanHolandés
72%
CarusoSiciliano
62%
DermancıoğluTurco
62%
CotzomiNahuatl
51%
NahuelpanMapuche
33%
CondoriQuechua
33%

Distribución de puntuación

Porcentaje por número respondido

Porcentaje de gente con cada puntuación

Historial de tus puntuaciones

No has intentado esta prueba desde el último reinicio